| 000 | 00815nam a2200277 a 4500 | ||
|---|---|---|---|
| 001 | 000116303 | ||
| 003 | CHAP | ||
| 005 | 20220329144609.0 | ||
| 008 | 191112s2019 mx |s ||||||spa d | ||
| 010 | _a112764 | ||
| 011 | _a113736 | ||
| 020 | _a9786071205476 | ||
| 040 | _cCHAP | ||
| 090 | _aCD-504 | ||
| 245 | 1 | 0 |
_aPoética : _h[Disco compacto] _bcrear... cavilar / _ccoordinado por José Alfredo Castellanos Suárez. |
| 260 |
_aChapingo, Méx. : _bUACH., _c2019. |
||
| 300 |
_a1 CD ROM ; _c4 3/4 plg. . |
||
| 590 |
_aE5765TAJ _b05 _c20191112 _lUCH01 _h1207 |
||
| 590 |
_aE5765TAJ _b05 _c20191112 _lUCH01 _h1208 |
||
| 650 | 1 | 4 |
_aLiteratura mexicana. _967138 |
| 650 | 1 | 4 |
_aPoesía mexicana. _990146 |
| 700 | 0 |
_aCastellanos Suárez, José Alfredo _ecoord. _920024 |
|
| 901 | _aBK | ||
| 942 | _cCD | ||
| 942 | _n0 | ||
| 999 |
_c112764 _d112764 |
||